[Event "BCF-ch U16"]
[Site "North Shields"]
[Date "2012.07.28"]
[Round "7.10"]
[White "Murali, Pavan"]
[Black "Thomas, Daniel"]
[Result "0-1"]
[WhiteElo "1797"]
[BlackElo "1793"]
[PlyCount "72"]
[EventDate "2012.07.23"]
[EventType "swiss"]
[EventRounds "7"]
[EventCountry "ENG"]
[SourceTitle "EXT 2023"]
[Source "ChessBase"]
[SourceDate "2022.10.05"]
[SourceVersion "1"]
[SourceVersionDate "2022.10.05"]
[SourceQuality "1"]

1. c4 b6 2. Nc3 e6 3. e4 Bb7 4. d3 Bb4 5. g3 Nc6 6. Bg2 Qf6 7. Bd2 Qd4 8. Nb5 Qxb2 9. Nf3 Rc8 10. Rb1 Bxd2+ 11. Nxd2 Qf6 12. 0-0 Nge7 13. f4 a6 14. e5 Qg6 15. Be4 f5 16. exf6 Qxf6 17. Na3 0-0 18. Nf3 d5 19. cxd5 exd5 20. Bxh7+ Kxh7 21. Ng5+ Kg8 22. Qh5 Qg6 23. Qxg6 Nxg6 24. Ne6 Rfe8 25. f5 Nf8 26. Ng5 Nd4 27. f6 Ne2+ 28. Kg2 d4+ 29. Kh3 gxf6 30. Rxf6 Re7 31. Rbf1 Nh7 32. Rg6+ Rg7 33. Rxg7+ Kxg7 34. Ne6+ Kg6 35. Nc4 Ng5+ 36. Kg4 Nxe6 0-1